RANDOM SUPER FUN FACTS Quiz Stats

 Plays Quiz not verified by Sporcle

Score 0/11 Timer 07:00
0 Plays Today
Question Answer % Correct
What is the only domestic animal not mentioned in the Bible?cat
69.2%
How many newborns will be given to the wrong parent today?12
63.2%
What is the most common name on the Earth?Mohammed
58.1%
What color was Coca-Cola originally?green
57.7%
What is the only country with the letters gyzs consecutively?Kyrgyzstan
51.3%
What is the only animal with four knees?elephant
42.3%
What year was Diet Coke invented?1982
34.2%
What are the little plasctic things at the end of your shoelace called?aglets
31.2%
What is the square root of 12,345,678,987,654,321?111111111
28.2%
Charlie Brown's father was a...barber
17.1%
what is the time on the clock tower of Independence Hall on the 100 dollar bill.4:10
14.1%

You're not logged in!

Compare scores with friends on all Sporcle quizzes.
OR
Log In

Show Comments

Extras

Created Nov 12, 2010ReportNominate

Top Quizzes Today


Score Distribution

Your Account Isn't Verified!

In order to create a playlist on Sporcle, you need to verify the email address you used during registration. Go to your Sporcle Settings to finish the process.

Report this User

Report this user for behavior that violates our Community Guidelines.

Details: